Statistics for Generator Puzzle #5

Click here to take the quiz!

General Stats

  • This quiz has been taken 7,816 times
  • The average score is 12 of 21

Answer Stats

Clue Answer % Correct
Grape juice for adults?Wine
92%
1.61km (approx)Mile
91%
Comic circus entertainerClown
89%
Men's better half?Women
89%
Citrus fruit; defective carLemon
87%
Wedding dress, e.g.Gown
83%
RodentsMice
78%
Bearded garden ornamentGnome
76%
Give out steady lightGlow
75%
Grind up meatMince
56%
Yet to be paid, past due (adj.)Owing
49%
Grimace in painWince
47%
Carol; The First ____Noel
41%
Hold on tightly toCling
40%
Valid reasoningLogic
37%
Portent of good or evilOmen
34%
Earnings receivedIncome
27%
9-Letter WordWELCOMING
27%
Mix togetherMingle
21%
Local dialect (informal)Lingo
19%
Vast multitude of peopleLegion
2%

Score Distribution

Percentile by Number Answered

Percent of People with Each Score

Your Score History

You have not taken this quiz